African Countries by Independence Flag - Statistics

General Stats
  • This quiz has been taken 112 times
  • The average score is 13 of 25
Answer Stats
Picture Answer % Correct
Algeria
99%
South Africa
94%
Burundi
93%
Mauritania
89%
Eswatini
84%
Equatorial Guinea
83%
Ghana
79%
Mozambique
78%
Lesotho
76%
Cameroon
74%
Comoros
61%
Democratic Republic of the Congo
61%
Tanzania
61%
Eritrea
56%
Egypt
49%
Zimbabwe
32%
Republic of the Congo
31%
Benin
23%
Seychelles
22%
Burkina Faso
21%
Cape Verde
19%
Sudan
17%
Ethiopia
16%
Rwanda
12%
Togo
8%
No matching quizzes found
Score Distribution
Percent of People with Each Score
Percentile by Number Answered
Your Score History
You have not taken this quiz